judicial

Cuantificacion de la cuota alimentaria: (Registro nro. 6513)

Detalles MARC
000 -LEADER
fixed length control field 01060nam a22003377a 4500
003 - CONTROL NUMBER IDENTIFIER
control field OSt
005 - DATE AND TIME OF LATEST TRANSACTION
control field 20260331120625.0
007 - PHYSICAL DESCRIPTION FIXED FIELD--GENERAL INFORMATION
fixed length control field ta
008 - FIXED-LENGTH DATA ELEMENTS--GENERAL INFORMATION
fixed length control field 260331s2025 ag ||||| |||| 00| 0 spa d
020 ## - INTERNATIONAL STANDARD BOOK NUMBER
International Standard Book Number 9789507582387
040 ## - CATALOGING SOURCE
Transcribing agency cj catamarca
082 ## - DEWEY DECIMAL CLASSIFICATION NUMBER
Classification number 347.615 P438
100 10 - MAIN ENTRY--PERSONAL NAME
9 (RLIN) 302
Personal name Perez, Erica
245 10 - TITLE STATEMENT
Title Cuantificacion de la cuota alimentaria:
Remainder of title Parametros. Aportes y herramientas
250 ## - EDITION STATEMENT
Edition statement 1º ed.
260 ## - PUBLICATION, DISTRIBUTION, ETC.
Place of publication, distribution, etc. CABA:
Name of publisher, distributor, etc. Juridicas,
Date of publication, distribution, etc. 2025
300 ## - PHYSICAL DESCRIPTION
Extent 450 p.
Dimensions 23 cm
500 ## - GENERAL NOTE
General note INVENTARIO Nº 8132
650 #7 - SUBJECT ADDED ENTRY--TOPICAL TERM
Source of heading or term SAIJ
653 ## - INDEX TERM--UNCONTROLLED
Uncontrolled term ALIMENTOS-CCYC
653 ## - INDEX TERM--UNCONTROLLED
Uncontrolled term ALIMENTOS-VIOLENCIA ECONOMICA
653 ## - INDEX TERM--UNCONTROLLED
Uncontrolled term ALIMENTOS-INCUMPLIMIENTO-MEDIDAS
653 ## - INDEX TERM--UNCONTROLLED
Uncontrolled term MEDIDAS CONMINATORIAS-INCUMPLIMIENTO
653 ## - INDEX TERM--UNCONTROLLED
Uncontrolled term CUOTA ALIMENTARIA-QUANTUM
653 ## - INDEX TERM--UNCONTROLLED
Uncontrolled term CUOTA ALIMENTARIA-CUANTIFICACION
653 ## - INDEX TERM--UNCONTROLLED
Uncontrolled term CUOTA ALIMENTARIA-PERSPECTIVA DE GENERO
653 ## - INDEX TERM--UNCONTROLLED
Uncontrolled term CUOTA ALIMENTARIA-NIÑEZ
653 ## - INDEX TERM--UNCONTROLLED
Uncontrolled term MODELOS DE ESCRITOS
856 ## - ELECTRONIC LOCATION AND ACCESS
Uniform Resource Identifier <a href="https://drive.google.com/file/d/1oDvYDrdS7BC8ddwGdKT0vSWGYXpV0k6P/view?usp=sharing">https://drive.google.com/file/d/1oDvYDrdS7BC8ddwGdKT0vSWGYXpV0k6P/view?usp=sharing</a>
942 ## - ADDED ENTRY ELEMENTS (KOHA)
Source of classification or shelving scheme Dewey Decimal Classification
Koha item type Book
Suppress in OPAC No
Existencias
Withdrawn status Lost status Source of classification or shelving scheme Damaged status Not for loan Home library Current library Date acquired Source of acquisition Total Checkouts Full call number Barcode Date last seen Price effective from Koha item type
    Dewey Decimal Classification     PJCB PJCB 03/31/2026 Compra   347.615 P438 8132 03/31/2026 03/31/2026 Book
-->
  •  poder judicial

    Con tecnología Koha